<?xml version="1.0" encoding="UTF-8"?>
<record
    xmlns:xsi="http://www.w3.org/2001/XMLSchema-instance"
    xsi:schemaLocation="http://www.loc.gov/MARC21/slim http://www.loc.gov/standards/marcxml/schema/MARC21slim.xsd"
    xmlns="http://www.loc.gov/MARC21/slim">

  <leader>00519nam a22001457a 4500</leader>
  <controlfield tag="005">20171121100414.0</controlfield>
  <controlfield tag="008">171121b        xxu||||| |||| 00| 0 eng d</controlfield>
  <datafield tag="040" ind1=" " ind2=" ">
    <subfield code="c">PK-LaUMT</subfield>
  </datafield>
  <datafield tag="082" ind1=" " ind2=" ">
    <subfield code="a">TRC 956.1</subfield>
    <subfield code="b">UGU-O</subfield>
  </datafield>
  <datafield tag="100" ind1=" " ind2=" ">
    <subfield code="a">U&#x11F;ur &#xDC;nal</subfield>
  </datafield>
  <datafield tag="245" ind1=" " ind2=" ">
    <subfield code="a">Osmanl&#x131; belgelerinde Birinci D&#xFC;nya Harbi = The First World War in Ottoman documents /</subfield>
    <subfield code="c">U&#x11F;ur &#xDC;nal</subfield>
  </datafield>
  <datafield tag="260" ind1=" " ind2=" ">
    <subfield code="a">Istanbul :</subfield>
    <subfield code="b">T.C. Ba&#x15F;bakanl&#x131;k Devlet Ar&#x15F;ivleri Genel M&#xFC;d&#xFC;rl&#xFC;&#x11F;&#xFC;, Osmanl&#x131; Ar&#x15F;ivi Daire Ba&#x15F;kanl&#x131;&#x11F;&#x131;, </subfield>
    <subfield code="c">2015</subfield>
  </datafield>
  <datafield tag="300" ind1=" " ind2=" ">
    <subfield code="a">2 vols.</subfield>
  </datafield>
  <datafield tag="942" ind1=" " ind2=" ">
    <subfield code="c">TRC</subfield>
  </datafield>
  <datafield tag="999" ind1=" " ind2=" ">
    <subfield code="c">100148</subfield>
    <subfield code="d">100148</subfield>
  </datafield>
  <datafield tag="952" ind1=" " ind2=" ">
    <subfield code="0">0</subfield>
    <subfield code="1">0</subfield>
    <subfield code="4">0</subfield>
    <subfield code="7">0</subfield>
    <subfield code="a">01</subfield>
    <subfield code="b">01</subfield>
    <subfield code="d">2017-11-21</subfield>
    <subfield code="l">0</subfield>
    <subfield code="o">TRC 956.1 UGU-O</subfield>
    <subfield code="p">116042</subfield>
    <subfield code="r">2017-11-21 00:00:00</subfield>
    <subfield code="t">V.1</subfield>
    <subfield code="w">2017-11-21</subfield>
    <subfield code="y">BK</subfield>
  </datafield>
  <datafield tag="952" ind1=" " ind2=" ">
    <subfield code="0">0</subfield>
    <subfield code="1">0</subfield>
    <subfield code="4">0</subfield>
    <subfield code="7">0</subfield>
    <subfield code="a">01</subfield>
    <subfield code="b">01</subfield>
    <subfield code="d">2017-11-21</subfield>
    <subfield code="l">0</subfield>
    <subfield code="o">TRC 956.1 UGU-O</subfield>
    <subfield code="p">116043</subfield>
    <subfield code="r">2017-11-21 00:00:00</subfield>
    <subfield code="t">V.2</subfield>
    <subfield code="w">2017-11-21</subfield>
    <subfield code="y">TRC</subfield>
  </datafield>
</record>
